000 00709nam a2200217Ii 4500
003 JO-AjNU
008 230605s9999||||xx |||||||||||||| ||und||
020 _a977-358-054-7
040 _aJO-AjNU
_bara
_erda
_cJO-AjNU
041 _aara
050 1 4 _aGB791.A64.M34 2004
100 3 _aالمخاادمى، عبد القادر رزيق,
_eauthor
_914089
245 0 0 _aنزاعات الحدود العربية
250 _aط1
264 3 1 _aالقاهرة: دار الفجر للنشر والتوزيع، 2004
300 _a200ص
336 _atext
_btxt
_2rdacontent
337 _aunmediated
_bn
_2rdamedia
338 _avolume
_bnc
_2rdacarrier
650 4 _aالحدود العربية- نزاعات
_914090
999 _aA3675
_c7243
_d7243